Comliance y derecho de la competencia en las contrataciones públicas (Registro nro. 22416)

Detalles MARC
000 -LEADER
fixed length control field 00368 a2200109 4500
001 - CONTROL NUMBER
control field ART_46502
005 - DATE AND TIME OF LATEST TRANSACTION
control field 20260410161822.0
008 - FIXED-LENGTH DATA ELEMENTS--GENERAL INFORMATION
fixed length control field 260409a
100 1# - MAIN ENTRY--PERSONAL NAME
Personal name Vanella, Carolina A.
245 10 - TITLE STATEMENT
Title Comliance y derecho de la competencia en las contrataciones públicas
773 0# - HOST ITEM ENTRY
Title Doctrina Penal Tributaria y Económica
Related parts - N° 48 (jun. 2018)
Record control number REV4317

No hay ítems disponibles.